<?xml version="1.0" encoding="UTF-8"?>
<record
    xmlns:xsi="http://www.w3.org/2001/XMLSchema-instance"
    xsi:schemaLocation="http://www.loc.gov/MARC21/slim http://www.loc.gov/standards/marcxml/schema/MARC21slim.xsd"
    xmlns="http://www.loc.gov/MARC21/slim">

  <leader>01373cam a2200277 a 4500</leader>
  <controlfield tag="001">12369833</controlfield>
  <controlfield tag="005">20220326193314.0</controlfield>
  <controlfield tag="008">010316s1999    uy a     b    000 0 spa  </controlfield>
  <datafield tag="010" ind1=" " ind2=" ">
    <subfield code="a">  2001286514</subfield>
  </datafield>
  <datafield tag="020" ind1=" " ind2=" ">
    <subfield code="a">9974100534 (v. 2)</subfield>
  </datafield>
  <datafield tag="035" ind1=" " ind2=" ">
    <subfield code="a">(DLC)  2001286514</subfield>
  </datafield>
  <datafield tag="040" ind1=" " ind2=" ">
    <subfield code="a">DLC</subfield>
    <subfield code="c">DLC</subfield>
  </datafield>
  <datafield tag="042" ind1=" " ind2=" ">
    <subfield code="a">lcode</subfield>
  </datafield>
  <datafield tag="043" ind1=" " ind2=" ">
    <subfield code="a">s-uy---</subfield>
  </datafield>
  <datafield tag="082" ind1=" " ind2=" ">
    <subfield code="a">700.989.1</subfield>
    <subfield code="b">P 393h2</subfield>
  </datafield>
  <datafield tag="100" ind1="1" ind2=" ">
    <subfield code="a">Peluffo Linari, Gabriel.</subfield>
    <subfield code="9">495</subfield>
  </datafield>
  <datafield tag="245" ind1="1" ind2="0">
    <subfield code="a">Historia de la pintura uruguaya /</subfield>
    <subfield code="c">Gabriel Peluffo Linari.</subfield>
    <subfield code="b">Entre Localismo y Universalismo: Representaciones de la modernidad (1930-1960)</subfield>
  </datafield>
  <datafield tag="250" ind1=" " ind2=" ">
    <subfield code="a">2a ed.</subfield>
  </datafield>
  <datafield tag="260" ind1=" " ind2=" ">
    <subfield code="a">Montevideo, Uruguay :</subfield>
    <subfield code="b">Ediciones de la Banda Oriental,</subfield>
    <subfield code="c">c1999.</subfield>
  </datafield>
  <datafield tag="300" ind1=" " ind2=" ">
    <subfield code="a">2 v. :</subfield>
    <subfield code="b">ill. (some col.) ;</subfield>
    <subfield code="c">27 cm.</subfield>
  </datafield>
  <datafield tag="504" ind1=" " ind2=" ">
    <subfield code="a">Includes bibliographical references.</subfield>
  </datafield>
  <datafield tag="505" ind1="0" ind2=" ">
    <subfield code="a">t. 1. El imaginario nacional-regional (1830-1930). De Blanes a Figari -- t. 2. Representaciones de la modernidad (1930-1960).</subfield>
    <subfield code="t">Barradas entre dos Montevideos</subfield>
    <subfield code="t">Torres Garc&#xED;a: De Barcelona a Par&#xED;s</subfield>
    <subfield code="t">La Pintura en la crisis del pa&#xED;s modelo</subfield>
    <subfield code="t">Joaqu&#xED;n Torres Garcia en Montevideo</subfield>
    <subfield code="t">Modernidad Est&#xE9;tica y conciencia critica: 1940-1960</subfield>
  </datafield>
  <datafield tag="650" ind1=" " ind2="0">
    <subfield code="a">Painting, Uruguayan.</subfield>
    <subfield code="x">Arte</subfield>
    <subfield code="x">Arte Uruguayo</subfield>
    <subfield code="x">Uruguay</subfield>
    <subfield code="x">Arte-Historia-Pintura (1930-1960)</subfield>
    <subfield code="9">2261</subfield>
  </datafield>
  <datafield tag="906" ind1=" " ind2=" ">
    <subfield code="a">7</subfield>
    <subfield code="b">cbc</subfield>
    <subfield code="c">origode</subfield>
    <subfield code="d">2</subfield>
    <subfield code="e">ncip</subfield>
    <subfield code="f">20</subfield>
    <subfield code="g">y-gencatlg</subfield>
  </datafield>
  <datafield tag="999" ind1=" " ind2=" ">
    <subfield code="c">474</subfield>
    <subfield code="d">474</subfield>
  </datafield>
  <datafield tag="952" ind1=" " ind2=" ">
    <subfield code="0">0</subfield>
    <subfield code="1">0</subfield>
    <subfield code="2">ddc</subfield>
    <subfield code="4">0</subfield>
    <subfield code="7">0</subfield>
    <subfield code="a">LV</subfield>
    <subfield code="b">LV</subfield>
    <subfield code="c">Pensamiento</subfield>
    <subfield code="d">2015-03-20</subfield>
    <subfield code="l">0</subfield>
    <subfield code="o">700.989.1 P 393h2</subfield>
    <subfield code="p">000409</subfield>
    <subfield code="r">2015-03-20 00:00:00</subfield>
    <subfield code="w">2015-03-20</subfield>
    <subfield code="y">01</subfield>
  </datafield>
</record>
